[Event "Naujac op 17th"]
[Site "Naujac"]
[Date "2014.07.01"]
[Round "3"]
[White "Huettmann, Jens"]
[Black "Kalwa, Norbert"]
[Result "0-1"]
[WhiteElo "1829"]
[BlackElo "2021"]
[PlyCount "47"]
[EventDate "2014.06.29"]
[EventType "swiss"]
[EventRounds "9"]
[EventCountry "FRA"]
[SourceTitle "CBM 161 Extra"]
[Source "ChessBase"]
[SourceDate "2014.08.29"]
[SourceVersion "1"]
[SourceVersionDate "2014.08.29"]
[SourceQuality "1"]

1. d4 g6 2. e4 Bg7 3. Nf3 c5 4. c3 cxd4 5. cxd4 d5 6. e5 Nc6 7. Be3 Nh6 8. Qd2 Nf5 9. Bg5 h6 10. Be3 Nxe3 11. fxe3 0-0 12. Bd3 Qb6 13. Nc3 Be6 14. 0-0 Rac8 15. Rac1 Qd8 16. Na4 b6 17. b4 Bd7 18. a3 Nxe5 19. dxe5 Bxa4 20. e6 f5 21. Nd4 Qd6 22. Qe2 Bxd4 23. h3 Rxc1 24. Rxc1 0-1